[Event "Barcelona op"]
[Site "Barcelona"]
[Date "2002.10.18"]
[Round "3"]
[White "Lazaro, Alberto"]
[Black "Torrents Ledewig, Miguel"]
[Result "1-0"]
[WhiteElo "2200"]
[BlackElo "2085"]
[PlyCount "63"]
[EventDate "2002.10.14"]
[EventType "swiss"]
[EventRounds "8"]
[EventCountry "ESP"]
[SourceTitle "EXT 2004"]
[Source "ChessBase"]
[SourceDate "2003.11.25"]
[SourceVersion "1"]
[SourceVersionDate "2003.11.25"]
[SourceQuality "1"]

1. e4 e6 2. d4 d5 3. Nc3 Bb4 4. e5 c5 5. a3 Bxc3+ 6. bxc3 Qc7 7. Qg4 f5 8. Qg3 Ne7 9. Qxg7 Rg8 10. Qh6 cxd4 11. Ne2 Nbc6 12. f4 Bd7 13. Qh5+ Ng6 14. Qf3 0-0-0 15. cxd4 Na5 16. Bd2 Nc4 17. Qc3 Kb8 18. Nc1 Rc8 19. Nd3 Nh4 20. Nc5 Nxg2+ 21. Kf2 Nh4 22. Bxc4 Rg2+ 23. Kf1 dxc4 24. Rb1 Bc6 25. Na6+ Ka8 26. Nxc7+ Rxc7 27. Rg1 Rxg1+ 28. Kxg1 Rg7+ 29. Kf1 Nf3 30. Be3 Nxh2+ 31. Ke1 Nf3+ 32. Kf2 1-0